[Event "Groningen op 59th"]
[Site "Groningen"]
[Date "2023.12.29"]
[Round "8"]
[White "Kollen, Zyon"]
[Black "Van Rootselaar, Rik"]
[Result "1-0"]
[WhiteElo "2318"]
[BlackElo "2105"]
[PlyCount "77"]
[EventDate "2023.12.21"]
[EventType "swiss"]
[EventRounds "9"]
[EventCountry "NED"]
[SourceTitle "CB04_2024"]
[SourceDate "2023.10.16"]
[SourceVersion "1"]
[SourceVersionDate "2023.10.16"]
[SourceQuality "1"]

1. e4 c6 2. d4 d5 3. e5 c5 4. dxc5 e6 5. Qg4 Nd7 6. Nf3 Qc7 7. Bb5 h5 8. Qg5 g6 9. Nc3 a6 10. Bxd7+ Bxd7 11. Be3 Nh6 12. Qf6 Rg8 13. Bxh6 Bxh6 14. Ng5 Bc6 15. 0-0 Bg7 16. Nxe6 fxe6 17. Qxe6+ Kf8 18. f4 Qf7 19. Qd6+ Ke8 20. Rad1 Rd8 21. Ne4 Bh8 22. Rfe1 Rxd6 23. Nxd6+ Ke7 24. Nxf7 Kxf7 25. Kf2 Ke6 26. g3 Bg7 27. Ke3 g5 28. c4 Rf8 29. Rg1 Bh6 30. Rd4 Rf5 31. h4 gxf4+ 32. gxf4 Rxe5+ 33. Kf2 Bf8 34. fxe5 Bxc5 35. cxd5+ Bxd5 36. Ke3 Bf3 37. Rg6+ Ke7 38. Kxf3 Bxd4 39. Ke4 1-0

[Event "Groningen op 59th"]
[Site "Groningen"]
[Date "2023.12.27"]
[Round "6"]
[White "Van Batenburg, Mees"]
[Black "Van Rootselaar, Rik"]
[Result "0-1"]
[WhiteElo "2109"]
[BlackElo "2105"]
[PlyCount "100"]
[EventDate "2023.12.21"]
[EventType "swiss"]
[EventRounds "9"]
[EventCountry "NED"]
[SourceTitle "CB04_2024"]
[SourceDate "2023.10.16"]
[SourceVersion "1"]
[SourceVersionDate "2023.10.16"]
[SourceQuality "1"]

1. e4 c5 2. Nf3 d6 3. d4 cxd4 4. Nxd4 Nf6 5. Nc3 Nc6 6. Bg5 e6 7. Qd3 Be7 8. 0-0-0 0-0 9. f4 Qb6 10. Be2 Rd8 11. Nb3 a5 12. a4 Bd7 13. Qg3 Rac8 14. Kb1 Nb4 15. e5 dxe5 16. fxe5 Rxc3 17. Qxc3 Nfd5 18. Bxe7 Nxc3+ 19. bxc3 Nd5 20. Bxd8 Nxc3+ 21. Kb2 Nxa4+ 22. Kc1 Qxd8 23. Bf3 Qc7 24. Nxa5 Nc3 25. Rd4 Na2+ 26. Kd1 Ba4 27. Nc4 b5 28. Ne3 g6 29. Ke2 Qxe5 30. Rd2 b4 31. Kf2 Nc3 32. g3 Ne4+ 33. Bxe4 Qxe4 34. Rhd1 Bc6 35. Re2 Qf3+ 36. Ke1 Bb5 37. Rdd2 h5 38. Nf1 Bxe2 39. Rxe2 Qc3+ 40. Kf2 Kg7 41. Ne3 g5 42. h3 f5 43. Ng2 Kf6 44. h4 g4 45. Ne3 Qc6 46. Ke1 Qf3 47. Nf1 e5 48. Rf2 Qc3+ 49. Nd2 Kg6 50. Kf1 Qxc2 0-1

[Event "Groningen op 59th"]
[Site "Groningen"]
[Date "2023.12.26"]
[Round "5"]
[White "Van Rootselaar, Rik"]
[Black "Vijayakumar, Rishi"]
[Result "1/2-1/2"]
[WhiteElo "2105"]
[BlackElo "2104"]
[PlyCount "80"]
[EventDate "2023.12.21"]
[EventType "swiss"]
[EventRounds "9"]
[EventCountry "NED"]
[SourceTitle "CB04_2024"]
[SourceDate "2023.10.16"]
[SourceVersion "1"]
[SourceVersionDate "2023.10.16"]
[SourceQuality "1"]

1. d4 Nf6 2. c4 e6 3. g3 d5 4. Bg2 Be7 5. Nf3 0-0 6. 0-0 dxc4 7. Qc2 a5 8. Nbd2 b5 9. b3 cxb3 10. Nxb3 Bb7 11. Bg5 Be4 12. Qb2 h6 13. Bxf6 Bxf6 14. Rfd1 Nd7 15. Rac1 Rb8 16. Ne5 Bxg2 17. Kxg2 Nb6 18. e4 Qe8 19. Nxa5 c5 20. dxc5 Nc4 21. Naxc4 bxc4 22. Qd4 Rd8 23. Qc3 Rxd1 24. Rxd1 Qa8 25. Re1 Rc8 26. Qd4 Qb8 27. f4 Bxe5 28. fxe5 Qb4 29. Rf1 Qxc5 30. Qxc5 Rxc5 31. Rc1 Ra5 32. Rc2 Ra3 33. h4 Re3 34. Rxc4 Re2+ 35. Kf3 Rxa2 36. Rc8+ Kh7 37. Rc7 Ra3+ 38. Kf2 Ra4 39. Kf3 Ra3+ 40. Kf2 Kg8 1/2-1/2

[Event "Groningen op 59th"]
[Site "Groningen"]
[Date "2023.12.23"]
[Round "3"]
[White "Van Rootselaar, Rik"]
[Black "Boer, Alef"]
[Result "1/2-1/2"]
[WhiteElo "2105"]
[BlackElo "2017"]
[PlyCount "56"]
[EventDate "2023.12.21"]
[EventType "swiss"]
[EventRounds "9"]
[EventCountry "NED"]
[SourceTitle "CB04_2024"]
[SourceDate "2023.10.16"]
[SourceVersion "1"]
[SourceVersionDate "2023.10.16"]
[SourceQuality "1"]

1. d4 d5 2. c4 dxc4 3. Nf3 a6 4. e3 Nf6 5. Bxc4 e6 6. 0-0 c5 7. Nc3 b5 8. Be2 Bb7 9. dxc5 Bxc5 10. Qxd8+ Kxd8 11. a3 Ke7 12. b4 Bd6 13. Bb2 Nbd7 14. Nd4 Nb6 15. Nb3 Rac8 16. Rfc1 Rc7 17. Na5 Ba8 18. Bf3 Bxf3 19. gxf3 Nc4 20. Nxc4 Rxc4 21. Ne4 Rhc8 22. Rxc4 Rxc4 23. Nxd6 Kxd6 24. Bd4 Rc6 25. Kf1 e5 26. Bc5+ Ke6 27. e4 Nd7 28. Be3 g6 1/2-1/2

[Event "Hoogeveen op 26th"]
[Site "Hoogeveen"]
[Date "2023.10.21"]
[Round "1"]
[White "Van Rootselaar, Rik"]
[Black "Elgersma, Onno"]
[Result "1-0"]
[WhiteElo "2015"]
[BlackElo "2266"]
[PlyCount "135"]
[EventDate "2023.10.21"]
[EventType "swiss"]
[EventRounds "9"]
[EventCountry "NED"]
[SourceTitle "Mega2024 Update 01"]
[Source "Chessbase"]
[SourceDate "2023.11.12"]
[SourceVersion "1"]
[SourceVersionDate "2023.11.12"]
[SourceQuality "1"]

1. d4 d5 2. c4 e6 3. Nf3 Nf6 4. g3 Bb4+ 5. Nbd2 0-0 6. Bg2 b6 7. 0-0 Bb7 8. a3 Be7 9. cxd5 exd5 10. b4 Nbd7 11. Ne5 a5 12. b5 Nxe5 13. dxe5 Nd7 14. Nf3 a4 15. h4 h6 16. Bh3 Bc5 17. e6 Qf6 18. Bg5 hxg5 19. hxg5 Qg6 20. exd7 f5 21. Qd2 Qd6 22. Qf4 Qxd7 23. g6 Qd6 24. Qg5 Rf6 25. Nh4 Bc8 26. e3 Be6 27. Nxf5 Bxf5 28. Bxf5 Qe5 29. g4 Kf8 30. Kg2 Ke7 31. Rh1 Rg8 32. Qf4 Qxf4 33. exf4 Kd6 34. Kf3 c6 35. Bd3 Bd4 36. Rad1 c5 37. f5 Rff8 38. Rhe1 Re8 39. g5 Rh8 40. Rxe8 Rxe8 41. Rd2 Bc3 42. Re2 Rxe2 43. Kxe2 Ke7 44. Bc2 Kf8 45. Bxa4 Bb2 46. Bb3 Bxa3 47. Bxd5 Bc1 48. f6 Bxg5 49. f7 Bh4 50. Ke3 Bf6 51. Bc4 Bd4+ 52. Ke2 Bc3 53. Kd3 Bd4 54. f4 Bf6 55. Ke4 Bc3 56. Kd5 Bd2 57. f5 Bg5 58. Kc6 Bd8 59. Kb7 Ke7 60. f6+ Kf8 61. fxg7+ Kxg7 62. Kc8 Be7 63. Kc7 Kxg6 64. Kxb6 Kg7 65. Kc7 Bg5 66. b6 Bf4+ 67. Kc8 Kf8 68. b7 1-0

[Event "Brasschaat op"]
[Site "Brasschaat"]
[Date "2023.08.21"]
[Round "3"]
[White "Grochal, Joey"]
[Black "Van Rootselaar, Rik"]
[Result "0-1"]
[WhiteElo "2313"]
[BlackElo "2037"]
[PlyCount "94"]
[EventDate "2023.08.18"]
[EventType "swiss"]
[EventRounds "9"]
[EventCountry "BEL"]
[SourceTitle "EXT 2024"]
[Source "ChessBase"]
[SourceDate "2023.10.10"]
[SourceVersion "1"]
[SourceVersionDate "2023.10.10"]
[SourceQuality "1"]

1. d4 d5 2. c4 c6 3. Nf3 Nf6 4. Nc3 e6 5. e3 Nbd7 6. Bd3 Bd6 7. 0-0 dxc4 8. Bxc4 b5 9. Bd3 0-0 10. e4 e5 11. d5 cxd5 12. Nxb5 Nc5 13. Nxd6 Qxd6 14. Bc2 Ncxe4 15. Re1 Nxf2 16. Kxf2 Ng4+ 17. Kf1 Qb6 18. Re2 Ba6 19. Bd3 Bxd3 20. Qxd3 e4 21. Qb3 exf3 22. gxf3 Qf6 23. Rg2 Rab8 24. Qd1 Ne5 25. Rg3 Rfe8 26. Qd4 Qa6+ 27. Kf2 g6 28. f4 Nc6 29. Qd3 Qb6+ 30. Kg2 Nb4 31. Qd1 Rbc8 32. Rc3 d4 33. Rxc8 Rxc8 34. Bd2 Rc2 35. Kg3 d3 36. Qe1 Nd5 37. Qe8+ Kg7 38. Qe5+ Qf6 39. Qe1 h5 40. Rc1 h4+ 41. Kf3 Qf5 42. Rxc2 dxc2 43. a3 Nxf4 44. Bxf4 g5 45. Qc3+ Kg8 46. Kg2 h3+ 47. Kg1 Qg4+ 0-1

[Event "Brasschaat op"]
[Site "Brasschaat"]
[Date "2023.08.20"]
[Round "2"]
[White "Van Rootselaar, Rik"]
[Black "Verlinden, Gerrit"]
[Result "1-0"]
[WhiteElo "2037"]
[BlackElo "1738"]
[PlyCount "77"]
[EventDate "2023.08.18"]
[EventType "swiss"]
[EventRounds "9"]
[EventCountry "BEL"]
[SourceTitle "EXT 2024"]
[Source "ChessBase"]
[SourceDate "2023.10.10"]
[SourceVersion "1"]
[SourceVersionDate "2023.10.10"]
[SourceQuality "1"]

1. e4 c6 2. d4 d5 3. e5 Bf5 4. Nd2 e6 5. Nb3 b6 6. Be3 h6 7. Nf3 Nd7 8. Be2 Ne7 9. 0-0 Bh7 10. Rc1 Nf5 11. c4 Nxe3 12. fxe3 Be7 13. cxd5 cxd5 14. Bd3 Bxd3 15. Qxd3 0-0 16. e4 f6 17. exd5 fxe5 18. dxe6 Nc5 19. Qc4 Nxb3 20. axb3 exd4 21. Nxd4 Rxf1+ 22. Rxf1 Qxd4+ 23. Qxd4 Bc5 24. Qxc5 bxc5 25. Rf5 Re8 26. Re5 Kf8 27. Kf2 Ke7 28. Rxc5 Rb8 29. Rc7+ Kxe6 30. Rxg7 Rxb3 31. Rg6+ Kf5 32. Rxh6 Rxb2+ 33. Kg3 Rb3+ 34. Kh4 Rb2 35. g4+ Kf4 36. h3 Rb7 37. Rf6+ Ke4 38. Kg5 Ke5 39. h4 1-0

[Event "Amsterdam Science Park op-A"]
[Site "Amsterdam"]
[Date "2023.07.22"]
[Round "8"]
[White "Shakhverdian, William"]
[Black "Van Rootselaar, Rik"]
[Result "1-0"]
[WhiteElo "2129"]
[BlackElo "1891"]
[PlyCount "121"]
[EventDate "2023.07.15"]
[EventType "swiss"]
[EventRounds "9"]
[EventCountry "NED"]
[SourceTitle "CBM 215 Extra"]
[Source "ChessBase"]
[SourceDate "2023.09.30"]
[SourceVersion "1"]
[SourceVersionDate "2023.09.30"]
[SourceQuality "1"]

1. d4 f5 2. c4 e6 3. g3 Nf6 4. Bg2 Be7 5. Nc3 0-0 6. Nh3 d6 7. Nf4 c6 8. Nd3 Qe8 9. 0-0 Nbd7 10. e4 e5 11. exf5 exd4 12. Ne2 c5 13. Nef4 Nb6 14. g4 Kh8 15. b3 a5 16. a4 Qf7 17. Re1 Ne8 18. Nd5 Bd8 19. Nxb6 Bxb6 20. Bg5 Nf6 21. Nf4 Bd7 22. Bxf6 gxf6 23. Qf3 Bc6 24. Qh3 Rfe8 25. Bd5 Bxd5 26. Nxd5 Bd8 27. Qg3 Rg8 28. h3 b6 29. Re6 Ra7 30. Rae1 Rd7 31. Kf1 Rf8 32. R1e4 Rg8 33. Ke2 Qf8 34. Qf4 Kg7 35. Kf1 Kh8 36. Ke2 Kg7 37. Qg3 Kh8 38. Qh4 Rf7 39. f4 Kg7 40. Kd3 Kh8 41. Qh5 Kg7 42. Kd2 Kh8 43. Re8 Qg7 44. Qh4 Rgf8 45. R8e6 Rd7 46. Re8 Qf7 47. Qe1 Kg7 48. Qe2 Kg8 49. R4e6 Kg7 50. Qe4 Kg8 51. Rxd8 Rdxd8 52. Nxf6+ Kh8 53. g5 Qg7 54. Nh5 Qg8 55. g6 Rd7 56. Nf6 Qg7 57. Nxd7 d3 58. Nxc5 dxc5 59. Qe5 Qxe5 60. fxe5 Rxf5 61. gxh7 1-0